Statistics for Where In The UK?

Click here to take the quiz!

General Stats

  • This quiz has been taken 70 times
  • The average score is 9 of 18

Answer Stats

QuestionAnswer% Correct
StonehengeEngland
97%
Giant's CausewayNorthern Ireland
88%
The Angel of the NorthEngland
84%
Skara BraeScotland
75%
River SevernBoth
66%
Buckfast AbbeyEngland
64%
SchiehallionScotland
64%
BangorWales
61%
Scafell PikeEngland
60%
Hadrian's WallEngland
42%
Dunluce CastleNorthern Ireland
42%
UllapoolScotland
42%
Tannadice Park StadiumScotland
31%
River AvonBoth
24%
HelvellynEngland
22%
River DeeAll three
15%
QueensferryBoth
15%
Castle DrogoEngland
13%

Score Distribution

Percentile by Number Answered

Percent of People with Each Score

Your Score History

You have not taken this quiz